| 000 | 00825nam a2200217 a 4500 | ||
|---|---|---|---|
| 003 | 0 | ||
| 005 | 20250605132259.0 | ||
| 008 | 021121s19uu xx 00 eng d | ||
| 010 | _a- | ||
| 050 |
_aPGS HQ 784.T4 _b.T136 2000 |
||
| 100 | _aTakai, Bryan Lenard R. | ||
| 245 | 4 |
_aThe negative effects of TV programs on sex and violence on the youth today / _cBryan Lenard R. Takai. |
|
| 260 |
_aLas PiƱas City, Philippines : _bSouthville International School and Colleges, _c2000. |
||
| 300 |
_a17 pages : _billustrations ; _c28 cm. |
||
| 504 | _aIncludes bibliographical references. | ||
| 650 |
_aViolence on television _vPsychological aspects. |
||
| 650 |
_aSex on television _vPsychological aspects. |
||
| 650 |
_aYouth _vEffect of mass media on. |
||
| 650 |
_aMedia violence _vPsychological aspects. |
||
| 942 |
_2lcc _cPASS |
||
| 999 |
_c96338 _d96338 |
||